00447pab a2200145 454500008004000000100002200040245011100062260000900173300001500182362000800197650002400205700002000229700001800249773003400267180718b2011 xxu||||| |||| 00| 0 eng d aMelguizo, Tatiana aIs developmental education helping community college students persist? A critical review of the literature c2011 ap.173-184. aFeb aCommunity education aPrather, George aBos, Johannes aAmerican Behavioral Scientist